000 00552nam a22002177a 4500
005 20251108174530.0
008 250721s9999 xx 000 0 eng d
020 _a1846463254
082 1 4 _aJ/372.6/LYE
100 1 _aLYES, LUCY
245 1 0 _aFrank's Frock /
264 1 _aLONDON :
_bLADYBIRD BOOKS,
300 _a34p.
490 0 _alady bird phonics
650 1 7 _aFICTIONS
650 1 7 _aCHILDREN
653 _aما قبل المدرسه ( 0 - 5 سنوات )
700 1 _aSWEETEN, SAMIA
_eIllus.
942 _2ddc
_cBK
999 _c111573
_d111573